<?xml version="1.0" encoding="UTF-8"?><?xml-stylesheet type="text/xsl" href="static/style.xsl"?><OAI-PMH xmlns="http://www.openarchives.org/OAI/2.0/" xmlns:xsi="http://www.w3.org/2001/XMLSchema-instance" xsi:schemaLocation="http://www.openarchives.org/OAI/2.0/ http://www.openarchives.org/OAI/2.0/OAI-PMH.xsd"><responseDate>2026-06-01T10:16:59Z</responseDate><request verb="GetRecord" identifier="oai:riuma.uma.es:10630/9631" metadataPrefix="marc">https://riuma.uma.es/rest/oai/request</request><GetRecord><record><header><identifier>oai:riuma.uma.es:10630/9631</identifier><datestamp>2026-02-03T12:55:19Z</datestamp><setSpec>com_10630_5368</setSpec><setSpec>com_10630_3139</setSpec><setSpec>com_10630_10</setSpec><setSpec>col_10630_7056</setSpec></header><metadata><record xmlns="http://www.loc.gov/MARC21/slim" xmlns:dcterms="http://purl.org/dc/terms/" xmlns:doc="http://www.lyncode.com/xoai" xmlns:xsi="http://www.w3.org/2001/XMLSchema-instance" xsi:schemaLocation="http://www.loc.gov/MARC21/slim http://www.loc.gov/standards/marcxml/schema/MARC21slim.xsd">
   <leader>00925njm 22002777a 4500</leader>
   <datafield ind2=" " ind1=" " tag="042">
      <subfield code="a">dc</subfield>
   </datafield>
   <datafield ind2=" " ind1=" " tag="720">
      <subfield code="a">Gálvez Ruiz, Pablo</subfield>
      <subfield code="e">author</subfield>
   </datafield>
   <datafield ind2=" " ind1=" " tag="720">
      <subfield code="a">Tapia Flores, A.</subfield>
      <subfield code="e">author</subfield>
   </datafield>
   <datafield ind2=" " ind1=" " tag="720">
      <subfield code="a">Jurado Lavanant, A</subfield>
      <subfield code="e">author</subfield>
   </datafield>
   <datafield ind2=" " ind1=" " tag="260">
      <subfield code="c">2013-07-30</subfield>
   </datafield>
   <datafield ind2=" " ind1=" " tag="520">
      <subfield code="a">El objetivo del estudio es determinar si la realización de estiramientos pasivos, incluidos como parte del calentamiento, influyen en el rendimiento de la fuerza explosiva, en este caso en varios tests de salto vertical: Squat Jump (SJ), Countermouvement Jump (CMJ) y Reactive Jump (RJ); y también en un test de velocidad de 30 metros (mts.) con salida lanzada de 5 mts.&#xd;
Para ello, 9 jugadores del Málaga Club de Fútbol de categoría juvenil (18,22 ± 0,441 años) realizaron 2 protocolos de calentamiento en dos semanas consecutivas en su día de recuperación. Los jugadores de fútbol utilizan los estiramientos pasivos en su calentamiento y el tipo de esfuerzo al que se someten durante su actividad tiene un alto componente de fuerza explosiva de tipo balístico, movimientos que se ejecutan con gran intensidad y corta duración, tales como golpear el balón, sprints, cambios de dirección, saltos, etc.&#xd;
Se han encontrado disminuciones en el rendimiento de los test de SJ y RJ, así como también en el test de velocidad, obteniéndose valores significativos (p&lt;0,05) tanto para la potencia y el tiempo de vuelo del test RJ, como también para el test de velocidad. En cuanto al test CMJ, se han obtenido beneficios aunque las diferencias no han sido significativas. Por tanto, la realización de estiramientos pasivos influye de forma negativa en el rendimiento de la fuerza explosiva y la velocidad en una muestra de futbolistas entrenados.</subfield>
   </datafield>
   <datafield ind1="8" ind2=" " tag="024">
      <subfield code="a">2255-0461</subfield>
   </datafield>
   <datafield ind1="8" ind2=" " tag="024">
      <subfield code="a">http://hdl.handle.net/10630/9631</subfield>
   </datafield>
   <datafield tag="653" ind2=" " ind1=" ">
      <subfield code="a">Ejercicio físico</subfield>
   </datafield>
   <datafield ind2="0" ind1="0" tag="245">
      <subfield code="a">Influencia del estiramiento en el calentamiento para el salto y la velocidad</subfield>
   </datafield>
</record>
</metadata></record></GetRecord></OAI-PMH>